|
|
|
|
| LEADER |
00000nas a2200000 a 4500 |
| 001 |
ssj0000651203 |
| 003 |
WaSeSS |
| 005 |
20200512172242.0 |
| 006 |
m d |
| 007 |
cr n |
| 008 |
100308c20099999nz ar s 0 a0eng c |
| 010 |
|
|
|a 2012254638
|
| 016 |
7 |
|
|a 2586659-X
|2 DE-600
|
| 022 |
|
|
|a 1179-3198
|l 1179-3198
|
| 035 |
|
|
|a (WaSeSS)ssj0000651203
|
| 040 |
|
|
|a FQM
|b eng
|c FQM
|d OCLCQ
|d HEBIS
|d NZ1
|d NTE
|d OCLCQ
|d CUV
|d CUS
|d OCLCF
|d OCLCQ
|d EUW
|d OCLCQ
|d OCLCO
|d OCLCQ
|d UAB
|d LIP
|d OCLCO
|d WT2
|d OCLCQ
|d NZ1
|d OCLCQ
|d AU@
|d OCLCO
|d VT2
|d OCLCQ
|d OCLCO
|d WaSeSS
|
| 042 |
|
|
|a pcc
|
| 050 |
|
4 |
|a RA399.5
|
| 060 |
|
4 |
|a INTERNET
|
| 082 |
0 |
4 |
|a 616.005
|2 22
|
| 210 |
0 |
|
|a Patient intell.
|
| 222 |
|
0 |
|a Patient intelligence
|
| 245 |
0 |
0 |
|a Patient intelligence
|h [electronic resource].
|
| 246 |
3 |
0 |
|a PI
|
| 246 |
1 |
|
|a Journal of patient intelligence
|
| 260 |
|
|
|a [Auckland, NZ] :
|b Dove Medical Press,
|c 2009-
|
| 310 |
|
|
|a Annual
|
| 362 |
1 |
|
|a Began with vol. 1 (2009).
|
| 506 |
|
|
|a License restrictions may limit access.
|
| 588 |
0 |
|
|a Vol. 1 (2009); title from journal home page (Publisher's Web site, viewed Mar. 8, 2010).
|
| 588 |
1 |
|
|a Vol. 4 (2012) (viewed Dec. 10, 2012).
|
| 650 |
|
0 |
|a Disease management
|v Periodicals.
|
| 650 |
|
0 |
|a Outcome assessment (Medical care)
|v Periodicals.
|
| 650 |
|
0 |
|a Patients
|v Periodicals.
|
| 650 |
|
2 |
|a Behavioral Sciences.
|
| 650 |
|
2 |
|a Intelligence.
|
| 650 |
|
2 |
|a Patient Care.
|
| 650 |
|
2 |
|a Patient Participation.
|
| 650 |
|
7 |
|a Disease management.
|2 fast
|0 (OCoLC)fst00895152
|
| 650 |
|
7 |
|a Outcome assessment (Medical care)
|2 fast
|0 (OCoLC)fst01049109
|
| 650 |
|
7 |
|a Patients.
|2 fast
|0 (OCoLC)fst01055033
|
| 655 |
|
0 |
|a Electronic journals.
|
| 856 |
4 |
0 |
|z Full text available from Research Library: 01/01/2009 to 01/31/2016
|u https://search.proquest.com/publication/3933309
|